00739nam a2200217 4500001000500000005001700005010000500022020001800027090001900045100001900064245008800083250000500171260003900176300001200215500000500227650004600232650003400278650004400312999001300356952015200369121320181127162917.000a00a978812501900800a425 T487e 200000aThorat, A. R. 00aEnriching your competence in English / bcA.R. Thorat, B.S. Valke, S.B. Gokhale.h00a00aMumbai :bOrient BlackSwan,c2009.00a140 p. 00a00aCompetence and performance (Linguistics).00aEnglish language --Grammar.x00aEnglish language--Study and teaching.x c855d855 00102ddc40708MAINaRTCLIBbRTCLIBcMAINd2022-03-08g90.00h i3002l1m6o425 THOp30005625r2023-12-11 00:00:00s2022-08-24w2018-11-27yMAIN